| 000 | 00559nam a22001817a 4500 | ||
|---|---|---|---|
| 999 |
_c16331 _d16331 |
||
| 008 | 170307b xxu||||| |||| 00| 0 eng d | ||
| 020 | _a0634017216 | ||
| 040 |
_aKABU _cKABU |
||
| 050 |
_aM38.5 _b.A37 2000 C.1 |
||
| 245 | _aAfrican-American spirituals | ||
| 260 |
_bHal. leonard corporation _c2000 |
||
| 300 | _a56 p. | ||
| 440 | _aThe Phillip Keverven series | ||
| 650 | _aPiano music, arranged | ||
| 650 |
_aSpirituals (songs) _vInstrumental settings |
||
| 700 | _aKeverven, Phillip | ||
| 942 |
_2lcc _cBK _hM38.5 .A37 200 C.1 |
||